000 00885cam a22002533a 4500
001 8434
003 PGUSA
005 20140828083156.0
008 050701s2005||||xxu|||||s|||||000 1 eng d
040 _aPGUSA
_beng
042 _adc
050 4 _aPS
100 1 _aBeck, L. Adams
_q(Lily Adams),
_d-1931
245 1 0 _a"The Ladies" :
_bA Shining Constellation of Wit and Beauty
_h[electronic resource] /
_cL. Adams Beck
260 _bProject Gutenberg,
_c2005
505 0 _aThe diurnal of Mrs. Elizabeth Pepys -- The mystery of Stella -- My lady Mary -- The golden vanity -- The Walpole beauty -- A bluestocking at court -- The Darcys of Rosings.
506 _aPublic domain in the USA.
516 _aElectronic text
653 _aShort stories
653 _aWomen -- Fiction
830 0 _aProject Gutenberg
_v8434
856 4 0 _uhttp://www.gutenberg.org/ebooks/8434
942 _cEB
999 _c237734
_d237734